000 00452nam a2200169Ia 4500
008 100315s9999 xx 000 0 und d
040 _cENGLISH 
082 _b1173 
100 _a"Gopalkrishnan,p, SANDILYA,M.S. "
245 _aSTORES MANAGEMENT AND LOGISTICS
260 _c
365 _eRupees 
_d
_b0.00 
366 _f
630 _aSTORES MANAGEMENT AND LOGISTICS
730 _aSTORES MANAGEMENT AND LOGISTICS
942 _cBOOK
999 _c475908
_d475905